| 000 | 00984cam a2200229 4500 | ||
|---|---|---|---|
| 001 | ABS65657 | ||
| 008 | 020710n2002 000 0 eng u | ||
| 035 | _a(Sirsi) u118760 | ||
| 100 | _aGummer, J. | ||
| 245 | _aMinister will listen to a unified voice only | ||
| 260 | _c2002 | ||
| 490 |
_aEstates Gazette _v(0225) 22 June 2002, 83(1) |
||
| 520 | _aComments on the proposals by Nick Ritablat of British Land for more effective representation of the property industry. Supports the idea of a single voice for property but argues against the format as it would result in a lobbying body which received little respect from either government or the public. Favours an approach where the crucial players from the government and industry come together and speak with one voice. | ||
| 590 | _aABS | ||
| 650 | _aBRITISH LAND | ||
| 650 | _aNICK RITBLAT | ||
| 650 | _aPROPERTY INDUSTRY | ||
| 650 | _aTRADE ASSOCIATIONS | ||
| 650 | _aLOBBYING | ||
| 690 | _aPROPERTY | ||
| 942 | _n0 | ||
| 999 |
_c70700 _d70700 |
||